| 000 | 00583nam a2200205Ia 4500 | ||
|---|---|---|---|
| 005 | 20260429112225.0 | ||
| 008 | 260429s9999||||xx |||||||||||||| ||und|| | ||
| 020 | _a9789391382384 | ||
| 041 | _aEnglish | ||
| 082 |
_a379.151 _bSUB |
||
| 100 | _aSubhramanyam, H. | ||
| 245 | 0 |
_aNational education policy - 2020 : _breforms in education / _cH. Subhramanyam |
|
| 260 |
_aNew Delhi : _bSwastik Publications, _c2024. |
||
| 300 | _axiv, 394 p.; hb | ||
| 650 | _a Educational policy | ||
| 650 | _a National education policy | ||
| 650 | _a NEP | ||
| 650 | _aEducation | ||
| 942 | _cTB | ||
| 999 |
_c52978 _d52978 |
||